| 000 | 00361nam a2200145Ia 4500 | ||
|---|---|---|---|
| 008 | 150201s2006 xx 000 0 und d | ||
| 082 |
_a611.0183 _bE2006C |
||
| 100 | _aCHATTERJEE | ||
| 245 | _aESSENTIAL OF ORAL HISTOLOGY | ||
| 250 | _a1ST | ||
| 260 |
_bJAYPEE MEDICAL PUBLISHER _aDELHI _c2006 |
||
| 300 | _a1-179 | ||
| 650 | _aORAL HISTOLOGY | ||
| 942 |
_2ddc _cBK |
||
| 999 |
_c3777 _d3777 |
||